MARC details
| 000 -LEADER |
| fixed length control field |
01243 a2200313 4500 |
| 001 - CONTROL NUMBER |
| control field |
200001370 |
| 003 - CONTROL NUMBER IDENTIFIER |
| control field |
TR-AnTOB |
| 005 - DATE AND TIME OF LATEST TRANSACTION |
| control field |
20240905161919.0 |
| 008 - FIXED-LENGTH DATA ELEMENTS--GENERAL INFORMATION |
| fixed length control field |
101029s2008 tu 000 0 |
| 020 ## - INTERNATIONAL STANDARD BOOK NUMBER |
| International Standard Book Number |
9789754292718 |
| 040 ## - CATALOGING SOURCE |
| Original cataloging agency |
TR-AnTOB |
| Transcribing agency |
TR-AnTOB |
| 041 ## - LANGUAGE CODE |
| Language code of text/sound track or separate title |
İngilizce |
| 050 ## - LIBRARY OF CONGRESS CALL NUMBER |
| Classification number |
TJ7 |
| 090 ## - LOCALLY ASSIGNED LC-TYPE CALL NUMBER (OCLC); LOCAL CALL NUMBER (RLIN) |
| Classification number (OCLC) (R) ; Classification number, CALL (RLIN) (NR) |
TJ7.I58 2008 |
| 111 2# - MAIN ENTRY--MEETING NAME |
| 9 (RLIN) |
47290 |
| Meeting name or jurisdiction name as entry element |
International Conference On Machine Design And Production |
| Number of part/section/meeting |
(13th : |
| Date of meeting |
2008 : |
| Location of meeting |
İstanbul, Turkey) |
| 245 10 - TITLE STATEMENT |
| Title |
13th International conference on machine design and production : |
| Remainder of title |
conference proceedings, 3-5 September 2008, Istanbul-Turkey / |
| Statement of responsibility, etc. |
editorial board Metin Akkök ... [et al]. |
| 264 #1 - PRODUCTION, PUBLICATION, DISTRIBUTION, MANUFACTURE, AND COPYRIGHT NOTICE |
| Place of production, publication, distribution, manufacture |
Ankara. : |
| Name of producer, publisher, distributor, manufacturer |
UMTIK, |
| Date of production, publication, distribution, manufacture, or copyright notice |
2008. |
| 300 ## - PHYSICAL DESCRIPTION |
| Extent |
2 v.; |
| Dimensions |
24 cm |
| Accompanying material |
+ 1 CD |
| 650 #0 - SUBJECT ADDED ENTRY--TOPICAL TERM |
| 9 (RLIN) |
12443 |
| Topical term or geographic name entry element |
Makine mühendisliği |
| Linkage |
Makine mühendisliği |
| 650 #7 - SUBJECT ADDED ENTRY--TOPICAL TERM |
| Topical term or geographic name entry element |
Makine endüstrisi |
| Source of heading or term |
etuturkob |
| 9 (RLIN) |
69760 |
|
| Topical term or geographic name entry element |
Machinery industry |
| Geographic subdivision |
Turkey |
| 9 (RLIN) |
90210 |
|
| Topical term or geographic name entry element |
Mechanical engineering |
| Form subdivision |
Handbooks, manuals, etc. |
| 9 (RLIN) |
5800 |
|
| Topical term or geographic name entry element |
Makine tasarımı |
| Source of heading or term |
|
| 9 (RLIN) |
21868 |
|
| Topical term or geographic name entry element |
Machinery |
| General subdivision |
Maintenance and repair |
| 9 (RLIN) |
3056 |
| 710 2# - ADDED ENTRY--CORPORATE NAME |
| Corporate name or jurisdiction name as entry element |
Orta Doğu Teknik Üniversitesi (Ankara, Turkey). |
| Subordinate unit |
Makine Mühendisliği Bölümü |
| 9 (RLIN) |
133685 |
| 910 ## - USER-OPTION DATA (OCLC) |
| User-option data |
Sn. Erdem Acar tarafından bağışlanmıştır. |
| 942 ## - ADDED ENTRY ELEMENTS (KOHA) |
| Koha item type |
Mixed Materials |
| Source of classification or shelving scheme |
Library of Congress Classification |